| 000 | 01122nam2a22002651 4500 | ||
|---|---|---|---|
| 001 | rc\4932229 | ||
| 005 | 20130426160243.9 | ||
| 035 | _a(NLR Aleph) 008846850 | ||
| 090 |
_a8376308 _c8376308 |
||
| 100 | _a20130426d1966 |||y0rusy50 ca | ||
| 101 | 0 | _arus | |
| 102 | _aRU | ||
| 105 | _aa z ||||| | ||
| 200 | 0 |
_aЧ. 2 _f[Авт. инж.-кап.-лейтенанты Г.М. Моляров и В.Н. Фомин] |
|
| 210 | _d1966 | ||
| 215 |
_a252 с., 15 л. схем. _cил. |
||
| 333 | _aПродаже не подлежит. Экз. № 294 | ||
| 461 | 0 |
_1001rc\4932228 _12001#$aРемонт корабельной аппаратуры радиационного контроля$eЧ. 2$fМ-во обороны СССР$vЧ. 2 _98376303 _cМосква _d1966 _fМ-во обороны СССР _nВоениздат _oЧ. 2 _tРемонт корабельной аппаратуры радиационного контроля _vЧ. 2 |
|
| 701 | 1 |
_aФомин _bВ. Н. |
|
| 701 | 1 |
_aМоляров _bГ. М. |
|
| 801 | 0 |
_aRU _bNLR _gpsbo |
|
| 801 | 1 |
_aRU _bELAR _2rusmarc |
|
| 852 |
_aNLR _j50К/4227 |
||
| 942 | _cBOOK | ||
| 980 | _aNB | ||